L’île de la skibidi tentafruit-Mort Subite - Statistiques

Statistiques générales
  • Ce quiz a été pris 432 fois
  • Le résultat moyen est 10 sur 17
Answers on the Grid
Answers color-coded by a green-red scale on the quiz's grid according to % correct below.
Ananano
Banano
Cerisa
Lichita
Dragonita
Goyavito
Fraisita
Orangita
Pamplosso
Pomito
Poirito
Poirita
Raisino
Kiwina
Mandarina
Mûrio
Abricota
Pastequo
Melonito
Myrtilla
Pomita
Myrtillo
Bananella
Maronito
Cocotier
Cassissa
Framboisio
Citronello
Clémentino
Mirabella
 
Statistiques - réponses
Réponse % Correct
Banano
90%
Cerisa
82%
Fraisita
81%
Pomito
71%
Lichita
64%
Myrtillo
61%
Pomita
58%
Bananella
56%
Myrtilla
56%
Citronello
54%
Pastequo
52%
Poirita
51%
Maronito
50%
Kiwina
49%
Cocotier
47%
Raisino
31%
Mandarina
13%
Aucun quiz correspondant
Distribution des résultats
% des personnes avec chaque résultat
Percentile par nombre de réponses
Votre historique - résultats
Vous n’avez pas pris ce quiz